Ciência 1ª série (Record no. 186018)

MARC details
000 -LÍDER
campo de controle de tamanho fixo 00326 a2200157 4500
001 - NÚMERO DE CONTROLE
campo de controle 186018
020 ## - ISBN - INTERNATIONAL STANDARD BOOK NUMBER
ISBN - International Standard Book Number 85-08-07869-X
040 ## - FONTE DA CATALOGAÇÃO
Instituição que transcreveu o registro Magnum
100 ## - ENTRADA PRINCIPAL--NOME PESSOAL
Nome pessoal Lucas, Pedro R.
240 10 - TÍTULO UNIFORME
Título uniforme Ciência 1ª série
Idioma da obra por
245 10 - TÍTULO
Título Ciência 1ª série
300 ## - DESCRIÇÃO FÍSICA
Extensão 160
440 #1 - DECLARAÇÃO DE SÉRIE/ENTRADA ADICIONADA--TÍTULO
Título Ática
697 ## - ENTRADA DE ASSUNTO LOCAL--ENTIDADE COLETIVA (RLIN)
Nome corporativo ou nome da jurisdição CIÊNCIAS
942 ## - ELEMENTOS DE ENTRADA ADICIONADOS (KOHA)
Tipo de material Koha Livros
Holdings
Situação do descarte Situação das perdas Situação física Não pode ser emprestado Biblioteca de origem Biblioteca atual Data de aquisição Total de empréstimos Número de chamada completo Código de barras Data de último acesso Data do preço efetivo Tipo de material Koha
        Magnum Magnum 08/06/2024   1.182 MAG00051580 08/06/2024 08/06/2024 Livros